00971cam a22002773u 450000100100000000500170001000800410002702000150006802000180008302000310010108200190013210000300015124500830018126000360026430000480030050000240034850400310037265000340040365300230043765500240046070000230048470000290050794200190053699900170055595201210057200709311120140302113025.0860303s1988 xxkadk grb 001 0 eng d a0566024322 a9780140091410 a0140091416 (Penguin) (pbk)04222a658.4bKAK1 aKakabadse, Andrew.93504810aWorking in organisations /cAndrew Kakabadse, Ron Ludlow and Susan Vinnicombe. aLondon :bPenguin Books,c1988. ax, 452 p. :bchart, forms, tables ;c20 cm. aIndex : p. 449-452. aBibliography : p. 432-448. 094617aOrganizational behavior bGGENcFebruary2014 vreading book9342321 aLudlow, Ron9350461 aVinnicombe, Susan935047 2ddck658.4 KAK c18017d17989 00102ddc40708Donation-GaMAINbMAINc1STd2014-02-03eDonationl0o658.4 KAKp000035571r2025-07-15 00:00:00yBB